000 01010nam a22002777a 4500
001 05883
003 HDC
007 cr bn ---aaaaa
008 210121b20082002xxu||||| |||| 00| 0 eng d
020 _a9780849397738
040 _aHDC
100 _aBobeck S. Modjtahedi
_eauthor
_96187
245 0 _aCosmetic Reactions
_c/ Bobeck S. Modjtahedi [and 3 others]
260 _aUnited States:
_bCRC Press,
_c2008
300 _a1 online resource (26 pages)
336 _atext
_2rdacontent
337 _acomputer
_2rdamedia
338 _aonline resource
_2rdacarrier
500 _aOriginally from: Citrus: Marzulli and Maibach's dermatotoxicology, 2008 (pages 587-612)
_aIncludes bibliographical references
650 _aDermatitis
_96189
650 _aDermatotoxicology
_96188
856 _zRequest full-text at [email protected]
942 _2lcc
942 _cCHAP
942 _kEBCH 004194
999 _c3207
_d3207